Cars - Top 30 Fastest Cars - Statistics

General Stats
  • This quiz has been taken 68 times
  • The average score is 6 of 30
Answer Stats
Hint Answer % Correct
268 Bugatti Veyron Supersport
72%
250 Ferrari FXX Evoluzione
60%
221 Lamborghini Veneno
54%
260 Koenigsegg Agera R
46%
240 McLaren F1
44%
217 McLaren P1
32%
210 Porsche 918 Spyder
32%
270 Hennessey Venom GT
28%
248 Koenigsegg CCX
28%
220 Jaguar C-X75
24%
221 Mercedes Benz SLS AMG
22%
218 Ferrari Enzo Ferrari
20%
230 Pagani Huayra
18%
220 Aston Martin One-77
16%
217 Ferrari LaFerrari
16%
257 SSC Ultimate Aero
16%
248 Saleen S7
14%
225 Gumpert Apollo
12%
225 Noble M600
10%
220 Volkswagen W12
10%
233 Zenvo ST1
10%
276 SSC Tuatara
8%
273 Koenigsegg One
6%
239 W Motors Lykan HyperSport
6%
257 9FF GT9
4%
211 Arrinera Hussarya
2%
219 Chrysler ME412
2%
217 GTA Spano
2%
252 HTT Plethore LC 750
2%
217 Pagani Zonda
2%
No matching quizzes found
Score Distribution
Percent of People with Each Score
Percentile by Number Answered
Your Score History
You have not taken this quiz